000
00281nam a2200109Ia 4500
008
220204s9999 xx 000 0 und d
082
_a
631(44)
_b
FRA
245
0
_a
France and her agriculture.
260
_a
Paris
_b
Ministry of Agriculture
_c
1964
650
_a
Agriculture
942
_c
BK
999
_c
20728
_d
20728